| 000 | 00616nam a2200205Ia 4500 | ||
|---|---|---|---|
| 001 | 5002 | ||
| 003 | GE_BSU | ||
| 008 | 181216s||||||||xx |||||||||||||| ||und|| | ||
| 040 | _cGE_BSU | ||
| 080 | _a621.38(075) | ||
| 100 | _aКутвинов,В.Г. | ||
| 245 | _aОсновы промышленной электроники. | ||
| 245 | _cРед. В.В.Данилова. | ||
| 260 | _aМ. | ||
| 260 | _bВысшая школа. | ||
| 260 | _c1972. | ||
| 300 | _a224стр. с илл. 20см. Библиогр.:стр.222. | ||
| 653 | _aОсновы промышленной электроники | ||
| 942 | _cBK | ||
| 999 |
_c38714 _d38714 |
||